000
00277nam a22001217a 4500
008
180316b xxu||||| |||| 00| 0 eng d
041
_a
eng
080
_a
78
100
_a
45
101
_a
muz
245
_a
annals of the metropolitan opera
_c
fitzgerald.g
942
_2
udc
_c
BK
999
_c
45266
_d
45266